000 02649nam a22003737a 4500
005 2009052608228.0
008 090526t xxu||||| |||| 00| 0 eng d
010 _aENG-93725
020 _a9780195699173
_c895.00
020 _a0195699173
_c895.00
035 _aEN-77258
035 _aB-360898-904
037 _bDBAD / PUB
037 _bUppal Book Store
040 _adpl
_bEnglish
082 _a792.0954
245 _aTheatres of India:
_cedited by Ananda Lal
_ba concise companion /
260 _aNew Delhi
_bOxford University Press
_c2009
270 _aYMCA Library Building, Jai Singh Road,
_bNew Delhi
_e110001
300 _axxi, 462p. :
_c24cm(pbk)
_bb&w photos
500 _aIncludes bibliographical references
650 _aTheater
_zIndia
_xHistory
700 _aAnanda Lal
942 _2ddc
_cEN
_mTHE
_h792.0954
999 _c26803
_d26803